Top 25 countries by Video Game Revenue - Statistics

General Stats
  • This quiz has been taken 150 times
  • The average score is 23 of 25
Answer Stats
Continent Revenue (USD) Country % Correct
Asia 12,022,672,000 Japan
100%
Europe 3,493,083,382 United Kingdom
100%
N America 21,270,366,138 United States
100%
Asia 18,046,647,006 China
99%
Europe 2,687,106,304 France
99%
Europe 3,581,759,171 Germany
99%
Oceania 1,125,979,408 Australia
98%
S America 1,285,392,161 Brazil
98%
N America 1,783,678,344 Canada
98%
Europe 1,442,248,748 Italy
98%
N America 997,100,456 Mexico
96%
Asia 309,909,659 India
95%
Eurasia 1,225,475,934 Russia
94%
Asia 3,847,522,830 South Korea
94%
Europe 1,485,270,314 Spain
94%
Europe 355,529,772 Sweden
92%
S America 275,899,181 Argentina
90%
Eurasia/Mid East 372,493,221 Turkey
88%
Europe 389,683,054 Poland
84%
Europe 421,058,047 Netherlands
81%
Europe 266,072,289 Belgium
76%
Europe 275,569,566 Austria
75%
Asia 237,816,150 Thailand
73%
Europe 300,063,486 Switzerland
72%
Asia 591,513,882 Taiwan
67%
No matching quizzes found
Score Distribution
Percent of People with Each Score
Percentile by Number Answered
Your Score History
You have not taken this quiz